000 00520nam a22001937a 4500
008 220314b |||||||| |||| 00| 0 eng d
020 _a0170438964
050 _aHF5415.2
_b.M37 2020
245 _aMarketing Research
_cBarry J. Babin [et... al.].
250 _a5th ed.
260 _aAustralia
_bCengage learning
_c2020
300 _axxv, 622p.
650 _aMarketing research
700 _aD'Alessandro, Steve
700 _aWinzar, Hume
700 _aLowe, Ben
700 _aZikmund, William
942 _2lcc
_cBK
999 _c19262
_d19261